[Event "NK Jeugd B"]
[Site "Venlo"]
[Date "2009.04.29"]
[Round "6"]
[White "Damen, Igor"]
[Black "Van den Bergh, Don"]
[Result "1/2-1/2"]
[WhiteElo "1738"]
[BlackElo "1757"]
[PlyCount "107"]
[EventDate "2009.04.24"]
[EventType "swiss"]
[EventRounds "9"]
[EventCountry "NED"]
[SourceDate "2009.04.28"]

1. e4 c5 2. Nf3 d6 3. d4 cxd4 4. Nxd4 Nf6 5. Nc3 a6 6. f4 e5 7. Nf3 Qc7 8. Bd3
Nbd7 9. Qe2 Be7 10. a3 b5 11. O-O Bb7 12. Bd2 O-O 13. Rae1 Rfe8 14. Kh1 Bf8 15.
fxe5 dxe5 16. Qf2 Rad8 17. Qg3 Nc5 18. Ng5 Qd6 19. Rf3 h6 20. Qh4 Ne6 21. Nxe6
Rxe6 22. Ref1 g5 23. Qf2 Bg7 24. Be3 Ng4 25. Qd2 Nxe3 26. Qxe3 Rf8 27. Rd1 Qb6
28. Qxb6 Rxb6 29. Kg1 b4 30. axb4 Rxb4 31. b3 Rc8 32. Bc4 g4 33. Rfd3 Rbxc4 34.
bxc4 Rxc4 35. R1d2 Bf8 36. Re2 a5 37. Nd5 Kg7 38. h3 Bxd5 39. Rxd5 Bc5+ 40. Kh2
a4 41. hxg4 a3 42. c3 Rxc3 43. Ra2 Be3 44. g3 Kf6 45. Ra5 Bc1 46. Rf2+ Kg6 47.
Ra6+ Kg7 48. Ra7 Rc4 49. Rfxf7+ Kg6 50. Rg7+ Kf6 51. Raf7+ Ke6 52. Re7+ Kf6 53.
Rgf7+ Kg6 54. Rg7+ 1/2-1/2

[Event "NK Jeugd B"]
[Site "Venlo"]
[Date "2009.04.29"]
[Round "6"]
[White "Klapwijk, Bram"]
[Black "Van Meegen, Ruud"]
[Result "1/2-1/2"]
[WhiteElo "1869"]
[BlackElo "1865"]
[PlyCount "96"]
[EventDate "2009.04.24"]
[EventType "swiss"]
[EventRounds "9"]
[EventCountry "NED"]
[SourceDate "2009.04.28"]

1. e4 c5 2. Nc3 e6 3. f4 d5 4. Nf3 Nc6 5. Bb5 a6 6. Bxc6+ bxc6 7. O-O Nf6 8. d3
Be7 9. Qe1 h5 10. Bd2 Qb6 11. Na4 Qa7 12. Ne5 Bd7 13. f5 Rc8 14. Ba5 Bd6 15.
Nxf7 Kxf7 16. e5 Bc7 17. fxe6+ Bxe6 18. exf6 gxf6 19. Bc3 d4 20. Qf2 Bd8 21.
Bd2 Rg8 22. Qh4 Bg4 23. Bg5 Rg6 24. h3 Kg7 25. Bd2 Be6 26. Qxh5 Be7 27. Rae1
Bd5 28. Rf2 Rh8 29. Qe2 Bd6 30. c4 Bf7 31. Bf4 Bxf4 32. Rxf4 Rxh3 33. Ref1 Re3
34. Qf2 Qe7 35. Re4 Rxe4 36. dxe4 Qxe4 37. Nxc5 Qe5 38. Nd3 Qd6 39. b3 Rh6 40.
Qf4 Qd8 41. Nc5 Rh5 42. Nb7 Qe7 43. Nd6 Bg6 44. Qxd4 Re5 45. Rf3 c5 46. Qd2 Re2
47. Qf4 Re5 48. Qd2 Re2 1/2-1/2

[Event "NK Jeugd B"]
[Site "Venlo"]
[Date "2009.04.29"]
[Round "6"]
[White "Evengroen, Henk Jan"]
[Black "Wiegers, Kasper"]
[Result "1-0"]
[WhiteElo "1933"]
[BlackElo "1518"]
[PlyCount "49"]
[EventDate "2009.04.24"]
[EventType "swiss"]
[EventRounds "9"]
[EventCountry "NED"]
[SourceDate "2009.04.28"]

1. d4 Nf6 2. c4 c5 3. d5 e6 4. Nc3 exd5 5. cxd5 d6 6. e4 g6 7. Bd3 Bg7 8. Nge2
O-O 9. O-O Re8 10. Bf4 c4 11. Bc2 Na6 12. Ng3 Nc5 13. Qe2 Nfxe4 14. Ncxe4 Nxe4
15. Bxe4 f5 16. Qxc4 fxe4 17. Nxe4 Bxb2 18. Rae1 Be5 19. Bg5 Qd7 20. f4 Bg7 21.
Qb4 h6 22. Bh4 Qg4 23. Nf6+ Bxf6 24. Rxe8+ Kf7 25. Bxf6 1-0

[Event "NK Jeugd B"]
[Site "Venlo"]
[Date "2009.04.29"]
[Round "6"]
[White "Swinkels, Maurice"]
[Black "Heller, Milan"]
[Result "1-0"]
[WhiteElo "1972"]
[BlackElo "1922"]
[PlyCount "51"]
[EventDate "2009.04.24"]
[EventType "swiss"]
[EventRounds "9"]
[EventCountry "NED"]
[SourceDate "2009.04.28"]

1. e4 e6 2. d4 d5 3. Nc3 Bb4 4. e5 c5 5. a3 Bxc3+ 6. bxc3 Qa5 7. Bd2 Qa4 8. Qg4
g6 9. Nf3 Nc6 10. Bd3 c4 11. Be2 Nge7 12. O-O Bd7 13. Ra2 O-O-O 14. Bg5 h5 15.
Qf4 Qa5 16. Bf6 Rhg8 17. Qd2 Rdf8 18. Ng5 Nf5 19. Rd1 Nb8 20. f3 Bc6 21. g4 Ng7
22. Nh7 Ne8 23. Be7 Nd7 24. Nxf8 Nxf8 25. Qh6 Nd7 26. Qh7 1-0

[Event "NK Jeugd B"]
[Site "Venlo"]
[Date "2009.04.29"]
[Round "6"]
[White "Otten, Martijn"]
[Black "Gunther, Justin"]
[Result "1-0"]
[WhiteElo "1735"]
[BlackElo "2015"]
[PlyCount "105"]
[EventDate "2009.04.24"]
[EventType "swiss"]
[EventRounds "9"]
[EventCountry "NED"]
[SourceDate "2009.04.28"]

1. c4 e6 2. Nc3 Nf6 3. e4 d6 4. d4 b6 5. Bg5 Be7 6. Be2 O-O 7. Nf3 Nbd7 8. Qc2
c5 9. Rd1 Ne8 10. Be3 a6 11. O-O Qc7 12. dxc5 bxc5 13. Ne1 Bf6 14. f4 Rb8 15.
Nd3 Bd4 16. Rf3 Nef6 17. Nf2 Bxe3 18. Rxe3 Rd8 19. g4 Ne8 20. Rh3 Nf8 21. Bd3
Ng6 22. Ne2 Qb7 23. b3 d5 24. f5 Ne5 25. fxe6 d4 26. Nf4 fxe6 27. Be2 Qc7 28.
Rf1 Qe7 29. Rh5 Qd6 30. N2d3 Nxd3 31. Nxd3 g6 32. Rxc5 Bb7 33. e5 Qe7 34. Bf3
Qg5 35. Bxb7 Rxb7 36. Rf4 Ng7 37. Qf2 Nh5 38. h4 Nxf4 39. hxg5 Nh3+ 40. Kg2
Nxf2 41. Kxf2 Kf7 42. Rc6 Ra7 43. Kf3 h5 44. gxh6 g5 45. Nc5 d3 46. Nxe6 Rg8
47. h7 Re8 48. Ke3 Rd7 49. Kd2 Rde7 50. Nxg5+ Kg7 51. Rc5 Kg6 52. Ne4 Kxh7 53.
Nf6+ 1-0

[Event "NK Jeugd B"]
[Site "Venlo"]
[Date "2009.04.29"]
[Round "6"]
[White "Beijerinck, Nick"]
[Black "Laan, Kart"]
[Result "0-1"]
[WhiteElo "1938"]
[BlackElo "1615"]
[PlyCount "64"]
[EventDate "2009.04.24"]
[EventType "swiss"]
[EventRounds "9"]
[EventCountry "NED"]
[SourceDate "2009.04.28"]

1. e4 e6 2. d4 d5 3. Nc3 Nf6 4. e5 Nfd7 5. f4 c5 6. Nf3 Nc6 7. Be3 a6 8. a3 b5
9. Qd2 Qb6 10. Qf2 cxd4 11. Nxd4 Bc5 12. O-O-O Bxd4 13. Bxd4 Nxd4 14. Qxd4 Qxd4
15. Rxd4 Nb8 16. Rd3 Bd7 17. Be2 Ke7 18. g4 Nc6 19. Rg1 Rhb8 20. Rh3 b4 21. Nd1
bxa3 22. bxa3 Nd4 23. Bd3 Bb5 24. Rgg3 Bxd3 25. Rxd3 Ne2+ 26. Kd2 Nxf4 27. Rxh7
Nxd3 28. Kxd3 Rh8 29. Rxg7 Rxh2 30. g5 Rh3+ 31. Kd2 Kf8 32. Nf2 Rh2 0-1

[Event "NK Jeugd B"]
[Site "Venlo"]
[Date "2009.04.29"]
[Round "6"]
[White "Manoch, Maurice"]
[Black "Faber, Jort"]
[Result "0-1"]
[WhiteElo "1833"]
[BlackElo "1840"]
[PlyCount "62"]
[EventDate "2009.04.24"]
[EventType "swiss"]
[EventRounds "9"]
[EventCountry "NED"]
[SourceDate "2009.04.28"]

1. e4 d5 2. exd5 Nf6 3. d4 Bg4 4. Bb5+ Nbd7 5. f3 Bf5 6. c4 a6 7. Ba4 b5 8.
cxb5 Nxd5 9. bxa6 Nb4 10. Ne2 c5 11. O-O Rxa6 12. Nbc3 e6 13. a3 Rxa4 14. Qxa4
Nc2 15. Ng3 Bg6 16. d5 Nxa1 17. f4 Bd3 18. Re1 Nc2 19. Rd1 c4 20. b3 Nd4 21.
Re1 Bc5 22. Kh1 O-O 23. b4 Bb6 24. Qd1 Nc2 25. dxe6 Nxe1 26. exd7 Qxd7 27. Qxe1
Re8 28. Qd2 Qe6 29. h3 Be3 30. Qb2 Bd4 31. Bd2 Qg6 0-1

[Event "NK Jeugd B"]
[Site "Venlo"]
[Date "2009.04.30"]
[Round "7"]
[White "Admiraal, Miguoel"]
[Black "Mostertman, Milan"]
[Result "1-0"]
[WhiteElo "2163"]
[BlackElo "2142"]
[PlyCount "45"]
[EventDate "2009.04.24"]
[EventType "swiss"]
[EventRounds "9"]
[EventCountry "NED"]
[SourceDate "2009.04.29"]

1. e4 d5 2. exd5 Qxd5 3. Nc3 Qd6 4. d4 Nf6 5. Nf3 c6 6. Ne5 Nbd7 7. Nc4 Qc7 8.
Qf3 Nb6 9. Bf4 Qd8 10. Be5 Bg4 11. Qg3 h5 12. Bd3 h4 13. Qf4 Be6 14. Nxb6 Qxb6
15. O-O-O Ng4 16. d5 g5 17. Qd4 c5 18. Bb5+ Qxb5 19. Nxb5 cxd4 20. Bxh8 O-O-O
21. dxe6 Nxf2 22. Bxd4 Nxh1 23. Nxa7+ 1-0

[Event "NK Jeugd B"]
[Site "Venlo"]
[Date "2009.04.30"]
[Round "7"]
[White "Klein, David"]
[Black "Rauw, Gert Jan"]
[Result "1-0"]
[WhiteElo "2239"]
[BlackElo "2006"]
[PlyCount "51"]
[EventDate "2009.04.24"]
[EventType "swiss"]
[EventRounds "9"]
[EventCountry "NED"]
[SourceDate "2009.04.29"]

1. e4 c6 2. d4 d5 3. e5 c5 4. dxc5 Nc6 5. Bb5 e6 6. Be3 Nge7 7. c3 Bd7 8. Bxc6
Bxc6 9. Nf3 Nf5 10. Bd4 a5 11. O-O Nxd4 12. Qxd4 a4 13. Nbd2 Ra5 14. Qg4 Rxc5
15. a3 h5 16. Qg3 Qb6 17. Nd4 Qxb2 18. N2f3 Qxc3 19. Rab1 h4 20. Qg5 h3 21.
Nxc6 Rxc6 22. Rfc1 Be7 23. Rxc3 Bxg5 24. Rxc6 bxc6 25. Nxg5 O-O 26. Nxh3 1-0

[Event "NK Jeugd B"]
[Site "Venlo"]
[Date "2009.04.30"]
[Round "7"]
[White "Ten Hertog, Hugo"]
[Black "Hachijan, Armen"]
[Result "1-0"]
[WhiteElo "2008"]
[BlackElo "2085"]
[PlyCount "33"]
[EventDate "2009.04.24"]
[EventType "swiss"]
[EventRounds "9"]
[EventCountry "NED"]
[SourceDate "2009.04.29"]

1. e4 c5 2. Nf3 d6 3. d4 cxd4 4. Nxd4 Nf6 5. Nc3 a6 6. Bg5 e6 7. f4 Qc7 8. Qf3
b5 9. O-O-O b4 10. Nb1 Nbd7 11. Nd2 Bb7 12. Bd3 h6 13. Bh4 Be7 14. Qg3 Nh5 15.
Nxe6 Qc5 16. Nxg7+ Nxg7 17. Qxg7 1-0

[Event "NK Jeugd B"]
[Site "Venlo"]
[Date "2009.04.30"]
[Round "7"]
[White "Van der Lende, Ilias"]
[Black "Van Dorp, Jan"]
[Result "1/2-1/2"]
[WhiteElo "2105"]
[BlackElo "1960"]
[PlyCount "90"]
[EventDate "2009.04.24"]
[EventType "swiss"]
[EventRounds "9"]
[EventCountry "NED"]
[SourceDate "2009.04.29"]

1. e4 c5 2. c3 d5 3. exd5 Qxd5 4. d4 Nc6 5. Nf3 cxd4 6. cxd4 Bg4 7. Be2 e6 8.
Nc3 Qa5 9. h3 Bh5 10. O-O Nf6 11. Qb3 Qb4 12. Qxb4 Bxb4 13. a3 Be7 14. Be3 O-O
15. b4 Rfd8 16. Rfd1 Nd5 17. Nxd5 Rxd5 18. g4 Bg6 19. Bc4 Rdd8 20. Ne5 Be4 21.
Nxc6 Bxc6 22. Rac1 Rac8 23. Rd3 b5 24. Ba2 Bd5 25. Bxd5 Rxc1+ 26. Bxc1 Rxd5 27.
Be3 Bd8 28. Bd2 Bb6 29. Bc3 Kf8 30. Kg2 Ke7 31. Kf3 Kd6 32. Ke4 h5 33. f4 g6
34. Rg3 Ke7 35. Rf3 Kf6 36. gxh5 Rxh5 37. Rg3 Ke7 38. Bb2 a6 39. Bc3 Kd6 40.
Be1 Rd5 41. Bf2 Rh5 42. Rf3 Kd7 43. Bg1 Kd6 44. Bh2 Kd7 45. Bg1 Kd6 1/2-1/2

[Event "NK Jeugd B"]
[Site "Venlo"]
[Date "2009.04.30"]
[Round "7"]
[White "Von Meijenfeldt, Bart"]
[Black "Pijpers, Arthur"]
[Result "0-1"]
[WhiteElo "1984"]
[BlackElo "2185"]
[PlyCount "156"]
[EventDate "2009.04.24"]
[EventType "swiss"]
[EventRounds "9"]
[EventCountry "NED"]
[SourceDate "2009.04.29"]

1. e4 c5 2. Nc3 a6 3. a4 Nc6 4. f4 g6 5. Nf3 Bg7 6. Bc4 e6 7. O-O Nge7 8. d3 d5
9. Bb3 O-O 10. Qe1 Rb8 11. Qf2 Nd4 12. Nxd4 Bxd4 13. Be3 Bxe3 14. Qxe3 d4 15.
Qg3 dxc3 16. f5 cxb2 17. Rab1 exf5 18. Qxb8 Qd4+ 19. Kh1 fxe4 20. Qf4 exd3 21.
cxd3 Bf5 22. Qxd4 cxd4 23. Rxb2 Bxd3 24. Rd1 Bf5 25. Rxd4 Nc6 26. Rdd2 Ne5 27.
Bd5 Rc8 28. h3 Nc4 29. Bxc4 Rxc4 30. a5 Be4 31. Kg1 Rc5 32. Ra2 Bc6 33. Ra3 Rf5
34. Rf2 Re5 35. Kh2 h5 36. Kg3 Kf8 37. Raa2 Re3+ 38. Kf4 Re4+ 39. Kg3 h4+ 40.
Kh2 Re5 41. Rf4 g5 42. Rd4 Kg7 43. Rd6 Rf5 44. Kg1 Kf8 45. Rd4 Kg7 46. Rd6 Kg8
47. Rd8+ Kg7 48. Rd6 Kf8 49. Rd8+ Ke7 50. Rd4 f6 51. Re2+ Kf7 52. Ra2 Re5 53.
Kf2 f5 54. Rd6 Kg7 55. Rd3 Kg6 56. Rd6+ Kh5 57. g3 hxg3+ 58. Kxg3 Re3+ 59. Kh2
f4 60. Rd8 Re1 61. Rg2 Bxg2 62. Kxg2 Re5 63. Rd7 Rxa5 64. Rxb7 Ra1 65. Kf3 Ra3+
66. Kg2 a5 67. Rb8 a4 68. Rh8+ Kg6 69. Rg8+ Kf6 70. Rf8+ Kg7 71. Ra8 Ra1 72.
Ra7+ Kf6 73. Ra6+ Kf5 74. Ra5+ Ke4 75. Rxg5 a3 76. h4 a2 77. Ra5 f3+ 78. Kf2
Rh1 0-1

[Event "NK Jeugd B"]
[Site "Venlo"]
[Date "2009.04.30"]
[Round "7"]
[White "Evengroen, Henk Jan"]
[Black "Sekandar, Kambiz"]
[Result "0-1"]
[WhiteElo "1933"]
[BlackElo "1858"]
[PlyCount "62"]
[EventDate "2009.04.24"]
[EventType "swiss"]
[EventRounds "9"]
[EventCountry "NED"]
[SourceDate "2009.04.29"]

1. d4 g6 2. c4 f6 3. h4 Nh6 4. e4 d6 5. Be2 b6 6. Nc3 Nf7 7. h5 g5 8. h6 Bxh6
9. Bh5 Bg7 10. f4 h6 11. Bxf7+ Kxf7 12. Qh5+ Kg8 13. Be3 Be6 14. O-O-O c5 15.
e5 Nd7 16. exd6 exd6 17. dxc5 Nxc5 18. Bxc5 bxc5 19. Qe2 Qd7 20. Nb5 Bf8 21.
Nc3 f5 22. fxg5 hxg5 23. Rxh8+ Kxh8 24. Nf3 g4 25. Rh1+ Kg8 26. Ng5 Re8 27. Qd3
Qe7 28. Nh7 Bg7 29. Ne2 Bf7 30. Ng3 Qe5 31. Qc3 Qf4+ 0-1

[Event "NK Jeugd B"]
[Site "Venlo"]
[Date "2009.04.30"]
[Round "7"]
[White "Van den Bergh, Don"]
[Black "Duburg, Jamie"]
[Result "1-0"]
[WhiteElo "1757"]
[BlackElo "1842"]
[PlyCount "105"]
[EventDate "2009.04.24"]
[EventType "swiss"]
[EventRounds "9"]
[EventCountry "NED"]
[SourceDate "2009.04.29"]

1. e4 d5 2. exd5 Qxd5 3. Nc3 Qa5 4. Nf3 c6 5. Be2 Nf6 6. h3 Bf5 7. O-O e6 8.
Nh4 Bg6 9. Nxg6 hxg6 10. d4 Bd6 11. Be3 Nbd7 12. a3 Qc7 13. b4 Nh5 14. Ne4 Bf4
15. c4 Rd8 16. Qc2 Ndf6 17. Rad1 Bxe3 18. Nxf6+ gxf6 19. fxe3 Ng3 20. Rf3 Nf5
21. Bd3 Nh4 22. Rxf6 Nf5 23. Bxf5 gxf5 24. e4 Ke7 25. e5 Rhg8 26. Qc3 Rg7 27.
d5 cxd5 28. c5 d4 29. Rxd4 Qxe5 30. Rd7+ Kxf6 31. Qxe5+ Kxe5 32. Rxd8 f4 33.
Kf2 f5 34. a4 Rc7 35. a5 Ke4 36. h4 Rh7 37. Rd6 Ke5 38. Rd8 a6 39. Kf3 Rg7 40.
h5 Kf6 41. h6 Re7 42. Rg8 e5 43. Rg7 Re6 44. Rxb7 e4+ 45. Ke2 Ke5 46. Rb6 Re8
47. Rxa6 Rg8 48. Kf1 e3 49. h7 Rh8 50. Rh6 f3 51. gxf3 Kf4 52. Ke2 Kg5 53. Rh3
1-0

[Event "NK Jeugd B"]
[Site "Venlo"]
[Date "2009.04.30"]
[Round "7"]
[White "Swinkels, Maurice"]
[Black "Slagter, David"]
[Result "0-1"]
[WhiteElo "1972"]
[BlackElo "1984"]
[PlyCount "84"]
[EventDate "2009.04.24"]
[EventType "swiss"]
[EventRounds "9"]
[EventCountry "NED"]
[SourceDate "2009.04.29"]

1. e4 e6 2. d4 d5 3. Nc3 Nf6 4. Bg5 Be7 5. e5 Nfd7 6. h4 Bxg5 7. hxg5 Qxg5 8.
Qd3 Nf8 9. Nf3 Qe7 10. Qe3 Nc6 11. O-O-O Bd7 12. Bd3 O-O-O 13. Ng5 f6 14. Nf3
Be8 15. Bb5 Na5 16. Be2 Ng6 17. a3 Nc6 18. Bb5 Nb8 19. Bxe8 Rdxe8 20. Nd2 fxe5
21. dxe5 Nc6 22. Nf3 Kb8 23. Nb5 a6 24. Nbd4 Nxd4 25. Rxd4 c5 26. Rg4 Qc7 27.
Re1 Rhf8 28. g3 Rf7 29. Nh4 Nxh4 30. gxh4 Ref8 31. f4 d4 32. Qg3 g6 33. Re4 Qc6
34. Qe1 Qd5 35. Kb1 h5 36. Rxg6 Rxf4 37. Rxf4 Rxf4 38. Rg5 d3 39. cxd3 Qxd3+
40. Ka2 Qc4+ 41. b3 Qc2+ 42. Ka1 Rf2 0-1

[Event "NK Jeugd B"]
[Site "Venlo"]
[Date "2009.04.30"]
[Round "7"]
[White "Van Meegen, Ruud"]
[Black "Otten, Martijn"]
[Result "1/2-1/2"]
[WhiteElo "1865"]
[BlackElo "1735"]
[PlyCount "45"]
[EventDate "2009.04.24"]
[EventType "swiss"]
[EventRounds "9"]
[EventCountry "NED"]
[SourceDate "2009.04.29"]

1. e4 e6 2. d4 d5 3. Nc3 Nf6 4. Bg5 Bb4 5. e5 h6 6. Bd2 Bxc3 7. bxc3 Ne4 8. Qg4
Kf8 9. Bd3 Nxd2 10. Kxd2 Qg5+ 11. Qxg5 hxg5 12. h3 c5 13. Nf3 c4 14. Be2 f6 15.
Rhe1 Kf7 16. a4 Nd7 17. Kc1 b6 18. exf6 gxf6 19. Nd2 Bb7 20. Bg4 Nf8 21. Nb1 a6
22. Kd2 Bc6 23. Ra2 1/2-1/2

[Event "NK Jeugd B"]
[Site "Venlo"]
[Date "2009.04.30"]
[Round "7"]
[White "Klapwijk, Bram"]
[Black "Damen, Igor"]
[Result "1-0"]
[WhiteElo "1869"]
[BlackElo "1738"]
[PlyCount "29"]
[EventDate "2009.04.24"]
[EventType "swiss"]
[EventRounds "9"]
[EventCountry "NED"]
[SourceDate "2009.04.29"]

1. e4 e5 2. Nc3 Nc6 3. Nf3 Nf6 4. d4 exd4 5. Nd5 d6 6. Nxd4 Nxd4 7. Qxd4 Nxd5
8. exd5 Qe7+ 9. Be3 a6 10. O-O-O Bf5 11. Re1 Kd7 12. Qa4+ c6 13. Bd2 Qd8 14. g4
Qh4 15. Qb4 1-0

[Event "NK Jeugd B"]
[Site "Venlo"]
[Date "2009.04.30"]
[Round "7"]
[White "Faber, Jort"]
[Black "Mostertman, Xander"]
[Result "1-0"]
[WhiteElo "1840"]
[BlackElo "1837"]
[PlyCount "81"]
[EventDate "2009.04.24"]
[EventType "swiss"]
[EventRounds "9"]
[EventCountry "NED"]
[SourceDate "2009.04.29"]

1. c4 e5 2. Nc3 Nc6 3. g3 Nf6 4. Bg2 Bc5 5. e3 d6 6. Nge2 Bg4 7. h3 Bh5 8. O-O
O-O 9. g4 Bg6 10. d4 exd4 11. exd4 Bb6 12. f4 h6 13. Kh2 Ne8 14. f5 Bh7 15. b4
Nxb4 16. Bxb7 Rb8 17. Bg2 c5 18. a3 cxd4 19. axb4 dxc3 20. Nxc3 Qf6 21. Ra3 Bd4
22. Nd5 Be5+ 23. Kh1 Qh4 24. Qe1 Qxe1 25. Rxe1 Nf6 26. Rxa7 Nxd5 27. Bxd5 Bc3
28. Ree7 Kh8 29. b5 Bf6 30. Rxf7 Rfe8 31. Bxh6 Bg8 32. Bxg7+ Bxg7 33. Rxg7
Bxd5+ 34. cxd5 Rxb5 35. Rh7+ Kg8 36. Rag7+ Kf8 37. f6 Re1+ 38. Kg2 Rb2+ 39. Kg3
Rg1+ 40. Kh4 Rh2 41. Rh8# 1-0

[Event "NK Jeugd B"]
[Site "Venlo"]
[Date "2009.04.30"]
[Round "7"]
[White "Laan, Kart"]
[Black "Heller, Milan"]
[Result "0-1"]
[WhiteElo "1615"]
[BlackElo "1922"]
[PlyCount "62"]
[EventDate "2009.04.24"]
[EventType "swiss"]
[EventRounds "9"]
[EventCountry "NED"]
[SourceDate "2009.04.29"]

1. d4 Nf6 2. c4 Nc6 3. Nc3 e5 4. d5 Ne7 5. Bg5 Ng6 6. e3 h6 7. Bxf6 Qxf6 8. Bd3
Bb4 9. Nge2 O-O 10. a3 Bxc3+ 11. Nxc3 d6 12. Qc2 a6 13. O-O-O Bd7 14. f3 Rab8
15. Ne4 Qe7 16. g4 Nh4 17. Qf2 g5 18. f4 f6 19. Nd2 Rfe8 20. f5 b5 21. e4 Kg7
22. Kc2 a5 23. b3 Rec8 24. Nf3 Nxf3 25. Qxf3 c5 26. Rb1 a4 27. bxa4 bxc4 28.
Bxc4 Bxa4+ 29. Bb3 Qa7 30. Bxa4 Qxa4+ 31. Rb3 c4 0-1

[Event "NK Jeugd B"]
[Site "Venlo"]
[Date "2009.04.30"]
[Round "7"]
[White "Wiegers, Kasper"]
[Black "Gunther, Justin"]
[Result "1-0"]
[WhiteElo "1518"]
[BlackElo "2015"]
[PlyCount "73"]
[EventDate "2009.04.24"]
[EventType "swiss"]
[EventRounds "9"]
[EventCountry "NED"]
[SourceDate "2009.04.29"]

1. e4 c5 2. d4 cxd4 3. c3 dxc3 4. Nxc3 Nc6 5. Nf3 g6 6. Bc4 Bg7 7. Bf4 d6 8.
Ng5 Nh6 9. O-O O-O 10. h3 Ne5 11. Bb3 Bd7 12. Be3 Rc8 13. f4 Nc4 14. Bxc4 Rxc4
15. Qb3 Rc8 16. Bxa7 Qa5 17. Bb6 Qa6 18. Nd5 Rfe8 19. Nc7 Bd4+ 20. Bxd4 Rxc7
21. f5 Qc4 22. Qe3 Rec8 23. b3 Qb5 24. fxg6 hxg6 25. Ne6 Qh5 26. Nxc7 Rxc7 27.
Rac1 Bc6 28. Qf3 Qxf3 29. gxf3 f6 30. a4 Rd7 31. a5 Nf7 32. a6 Rd8 33. axb7
Bxb7 34. Rc7 Bc8 35. Rxe7 Bxh3 36. Rb1 f5 37. Kh2 1-0

[Event "NK Jeugd B"]
[Site "Venlo"]
[Date "2009.04.30"]
[Round "7"]
[White "Manoch, Maurice"]
[Black "Beijerinck, Nick"]
[Result "0-1"]
[WhiteElo "1833"]
[BlackElo "1938"]
[PlyCount "32"]
[EventDate "2009.04.24"]
[EventType "swiss"]
[EventRounds "9"]
[EventCountry "NED"]
[SourceDate "2009.04.29"]

1. e4 c5 2. c3 Nf6 3. e5 Nd5 4. d4 cxd4 5. cxd4 e6 6. Nc3 Nc6 7. Nf3 d6 8. exd6
Bxd6 9. Bd3 Qa5 10. O-O Nxc3 11. bxc3 Qxc3 12. Rb1 Qa5 13. a3 a6 14. Ng5 Be7
15. Nxh7 g6 16. Bd2 Qc7 0-1

[Event "NK Jeugd B"]
[Site "Venlo"]
[Date "2009.05.01"]
[Round "8"]
[White "Ten Hertog, Hugo"]
[Black "Klein, David"]
[Result "1-0"]
[WhiteElo "2008"]
[BlackElo "2239"]
[PlyCount "83"]
[EventDate "2009.04.24"]
[EventType "swiss"]
[EventRounds "9"]
[EventCountry "NED"]
[SourceDate "2009.04.30"]

1. e4 c5 2. Nf3 d6 3. d4 cxd4 4. Nxd4 Nf6 5. Nc3 a6 6. Be3 e5 7. Nf3 Be7 8. Bc4
O-O 9. O-O Be6 10. Bb3 b5 11. Qe2 Nc6 12. Bg5 Nd7 13. Bxe7 Qxe7 14. Nd5 Qd8 15.
Rfd1 Nc5 16. c3 Kh8 17. Bc2 Bxd5 18. exd5 Ne7 19. Ng5 g6 20. f4 f6 21. Ne6 Nxe6
22. dxe6 Qb6+ 23. Kh1 d5 24. fxe5 Qxe6 25. Re1 f5 26. a4 bxa4 27. Rxa4 f4 28.
Qf3 g5 29. Rd4 g4 30. Qd3 Qh6 31. Rf1 Ng6 32. e6 Rae8 33. Rxd5 Rxe6 34. Rd6 Re7
35. Qd4+ Rg7 36. Rf6 f3 37. Bxg6 Rb8 38. Be4 Qg5 39. Rf5 Qh4 40. Bxf3 Rd8 41.
Bd5 Qe7 42. Rf7 1-0

[Event "NK Jeugd B"]
[Site "Venlo"]
[Date "2009.05.01"]
[Round "8"]
[White "Mostertman, Milan"]
[Black "Van der Lende, Ilias"]
[Result "1/2-1/2"]
[WhiteElo "2142"]
[BlackElo "2105"]
[PlyCount "93"]
[EventDate "2009.04.24"]
[EventType "swiss"]
[EventRounds "9"]
[EventCountry "NED"]
[SourceDate "2009.04.30"]

1. e4 e6 2. d4 d5 3. Nd2 Nc6 4. Ngf3 Nf6 5. e5 Nd7 6. Be2 Be7 7. Nf1 O-O 8. Ne3
f6 9. exf6 Nxf6 10. O-O Bd6 11. c3 a5 12. a3 b6 13. Bb5 Bb7 14. Ng5 Qe7 15. Re1
Ne4 16. Nxe4 dxe4 17. g3 Qf6 18. Rf1 Ne7 19. Qg4 Kh8 20. b3 Nd5 21. Bb2 Nxe3
22. fxe3 Qh6 23. Rae1 Rxf1+ 24. Bxf1 Qf6 25. Bh3 a4 26. b4 Bd5 27. Bg2 b5 28.
Rf1 Qg6 29. Qxg6 hxg6 30. Rf2 Rf8 31. Rxf8+ Bxf8 32. Bf1 c6 33. Kg2 Kh7 34. Kf2
Kh6 35. Bc1 Bd6 36. Bb2 Kg5 37. Bc1 Kg4 38. Kg2 Bc4 39. Bxc4 bxc4 40. h3+ Kh5
41. Bd2 Kg5 42. Kf2 e5 43. Bc1 Kf5 44. Bd2 Ke6 45. Bc1 g5 46. g4 Kd5 47. Ke2
1/2-1/2

[Event "NK Jeugd B"]
[Site "Venlo"]
[Date "2009.05.01"]
[Round "8"]
[White "Sekandar, Kambiz"]
[Black "Admiraal, Miguoel"]
[Result "0-1"]
[WhiteElo "1858"]
[BlackElo "2163"]
[PlyCount "86"]
[EventDate "2009.04.24"]
[EventType "swiss"]
[EventRounds "9"]
[EventCountry "NED"]
[SourceDate "2009.04.30"]

1. e4 c5 2. c3 Nf6 3. e5 Nd5 4. d4 cxd4 5. Nf3 e6 6. cxd4 d6 7. exd6 Bxd6 8.
Bd3 Nd7 9. O-O b6 10. Nc3 Nxc3 11. bxc3 Bb7 12. Re1 Qc7 13. c4 O-O 14. h3 Rfe8
15. Bb2 g6 16. Rc1 e5 17. Be4 Bxe4 18. Rxe4 Nf6 19. Rh4 e4 20. d5 Qe7 21. Ng5
Be5 22. Bxe5 Qxe5 23. Qd2 Rac8 24. f4 Qd6 25. Qd4 Qc5 26. Rd1 Qxd4+ 27. Rxd4
Kg7 28. d6 Rcd8 29. Kf2 h6 30. Nxf7 Kxf7 31. Rxh6 Re6 32. c5 bxc5 33. Rc4 Kg7
34. Rh4 e3+ 35. Ke2 Rdxd6 36. Rxc5 Rd2+ 37. Ke1 Rd7 38. Re5 Rde7 39. Rxe6 Rxe6
40. g4 Re4 41. g5 Nh5 42. Rg4 Nxf4 43. h4 Nd3+ 0-1

[Event "NK Jeugd B"]
[Site "Venlo"]
[Date "2009.05.01"]
[Round "8"]
[White "Van Dorp, Jan"]
[Black "Pijpers, Arthur"]
[Result "0-1"]
[WhiteElo "1960"]
[BlackElo "2185"]
[PlyCount "68"]
[EventDate "2009.04.24"]
[EventType "swiss"]
[EventRounds "9"]
[EventCountry "NED"]
[SourceDate "2009.04.30"]

1. d4 d5 2. Nf3 Nf6 3. c4 c6 4. Nc3 dxc4 5. a4 Bf5 6. e3 e6 7. Bxc4 Bb4 8. O-O
O-O 9. Qe2 Bg4 10. Rd1 Qa5 11. Bd2 Rd8 12. h3 Bh5 13. g4 Bg6 14. Ne5 Nbd7 15.
Nxg6 hxg6 16. Qf3 Nb6 17. Bb3 Rd7 18. h4 Rad8 19. g5 Nfd5 20. Nxd5 Nxd5 21. Bc1
c5 22. e4 Nb6 23. dxc5 Rxd1+ 24. Bxd1 Bxc5 25. Bb3 Qe1+ 26. Kg2 Nd7 27. Bc4
Bxf2 28. Bf4 Qxa1 29. Qxf2 Qxa4 30. b3 Qc6 31. Qd4 b5 32. Be2 e5 33. Bxe5 Re8
34. Bxg7 Rxe4 0-1

[Event "NK Jeugd B"]
[Site "Venlo"]
[Date "2009.05.01"]
[Round "8"]
[White "Rauw, Gert Jan"]
[Black "Van den Bergh, Don"]
[Result "1-0"]
[WhiteElo "2006"]
[BlackElo "1757"]
[PlyCount "71"]
[EventDate "2009.04.24"]
[EventType "swiss"]
[EventRounds "9"]
[EventCountry "NED"]
[SourceDate "2009.04.30"]

1. e4 c5 2. Nf3 d6 3. d4 cxd4 4. Nxd4 Nf6 5. Nc3 a6 6. Bg5 e6 7. f4 Qb6 8. Qd2
Qxb2 9. Nb3 Nc6 10. Bxf6 gxf6 11. Bd3 Be7 12. O-O Qa3 13. Qe3 Bd7 14. Nd5 exd5
15. exd5 Na7 16. Rae1 Nc8 17. Qd4 Kd8 18. Re3 Qa4 19. Qc3 Nb6 20. Na5 Rb8 21.
Re4 Nxd5 22. Qd2 Qa3 23. Nb3 Re8 24. Bc4 Nc7 25. Bxf7 Rf8 26. Bh5 d5 27. Rd1
Qd6 28. Qe3 dxe4 29. Rxd6 Bxd6 30. Qxe4 f5 31. Qd4 Nb5 32. Qb6+ Ke7 33. Qe3+
Kf6 34. c4 Nc7 35. c5 Be8 36. Qd4+ 1-0